[Event "AUT-ch Seniors 50"]
[Site "Vienna"]
[Date "2023.05.21"]
[Round "7"]
[White "Ramoser, Mario"]
[Black "Reisinger, Heinz"]
[Result "1-0"]
[WhiteElo "1563"]
[BlackElo "1793"]
[PlyCount "69"]
[EventDate "2023.05.15"]
[EventType "swiss"]
[EventRounds "7"]
[EventCountry "AUT"]
[SourceTitle "CBM 214 Extra"]
[Source "ChessBase"]
[SourceDate "2023.07.31"]
[SourceVersion "1"]
[SourceVersionDate "2023.07.31"]
[SourceQuality "1"]

1. e4 c6 2. d4 d5 3. e5 Bf5 4. Nc3 Qb6 5. Na4 Qa5+ 6. c3 e6 7. b4 Qc7 8. g4 Be4 9. f3 Bg6 10. h4 h5 11. Ne2 hxg4 12. Nf4 Bf5 13. fxg4 Be4 14. Bg2 Bxg2 15. Nxg2 a5 16. Bd2 Nh6 17. Nc5 Nd7 18. Qf3 Nb6 19. 0-0 Nc4 20. Bg5 axb4 21. Bxh6 Rxh6 22. g5 Rg6 23. h5 Rxg5 24. Nxe6 Rxg2+ 25. Kxg2 Qe7 26. Nxf8 Nd2 27. Qf4 Nxf1 28. Nh7 b3 29. Rxf1 Rxa2+ 30. Kg3 b2 31. Rb1 Qa3 32. Ng5 Qxc3+ 33. Kg4 f5+ 34. exf6 gxf6 35. Qxf6 1-0

[Event "AUT-ch Seniors 50"]
[Site "Vienna"]
[Date "2023.05.20"]
[Round "6"]
[White "Reisinger, Heinz"]
[Black "Rusek, Walter"]
[Result "1/2-1/2"]
[WhiteElo "1793"]
[BlackElo "1851"]
[PlyCount "32"]
[EventDate "2023.05.15"]
[EventType "swiss"]
[EventRounds "7"]
[EventCountry "AUT"]
[SourceTitle "CBM 214 Extra"]
[Source "ChessBase"]
[SourceDate "2023.07.31"]
[SourceVersion "1"]
[SourceVersionDate "2023.07.31"]
[SourceQuality "1"]

1. c4 c6 2. Nf3 d5 3. e3 Nf6 4. b3 Bf5 5. Bb2 e6 6. Be2 h6 7. 0-0 Be7 8. d3 0-0 9. Nbd2 Nbd7 10. d4 Ne4 11. Nxe4 Bxe4 12. Nd2 Bh7 13. Re1 Nf6 14. Bf3 Bd3 15. Be2 Bxe2 16. Qxe2 a5 1/2-1/2

[Event "AUT-ch Seniors 50"]
[Site "Vienna"]
[Date "2023.05.17"]
[Round "3"]
[White "Rumpf, Werner"]
[Black "Reisinger, Heinz"]
[Result "1-0"]
[WhiteElo "1887"]
[BlackElo "1793"]
[PlyCount "25"]
[EventDate "2023.05.15"]
[EventType "swiss"]
[EventRounds "7"]
[EventCountry "AUT"]
[SourceTitle "CBM 214 Extra"]
[Source "ChessBase"]
[SourceDate "2023.07.31"]
[SourceVersion "1"]
[SourceVersionDate "2023.07.31"]
[SourceQuality "1"]

1. e4 c6 2. d4 d5 3. exd5 cxd5 4. c4 Nf6 5. Nc3 e6 6. c5 b6 7. b4 a5 8. Bb5+ Bd7 9. Qa4 Qc7 10. Nge2 Qb7 11. Bxd7+ Nfxd7 12. Nb5 axb4 13. Qxa8 1-0

[Event "AUT-ch Seniors 50"]
[Site "Vienna"]
[Date "2023.05.15"]
[Round "1"]
[White "Schroll, Gerhard"]
[Black "Reisinger, Heinz"]
[Result "1-0"]
[WhiteElo "2246"]
[BlackElo "1793"]
[PlyCount "53"]
[EventDate "2023.05.15"]
[EventType "swiss"]
[EventRounds "7"]
[EventCountry "AUT"]
[SourceTitle "CBM 214 Extra"]
[Source "ChessBase"]
[SourceDate "2023.07.31"]
[SourceVersion "1"]
[SourceVersionDate "2023.07.31"]
[SourceQuality "1"]

1. e4 c6 2. c4 d5 3. exd5 cxd5 4. cxd5 Qxd5 5. Nc3 Qa5 6. Bc4 Nf6 7. d4 e6 8. Nge2 Be7 9. Bd2 Qd8 10. 0-0 0-0 11. h3 a6 12. a4 Nc6 13. Be3 Nb4 14. Qb3 Qa5 15. Rfd1 Rd8 16. Nf4 Nbd5 17. Ncxd5 Nxd5 18. Bxd5 exd5 19. Bd2 Qc7 20. Nxd5 Qd6 21. Nxe7+ Qxe7 22. Ba5 Re8 23. Re1 Qd7 24. Rxe8+ Qxe8 25. Re1 Qd7 26. Qe3 Qe6 27. Qa3 1-0

[Event "Innsbruck op-B 2nd"]
[Site "Innsbruck"]
[Date "2018.08.26"]
[Round "3"]
[White "Reisinger, Heinz"]
[Black "Rauthe, Pascal"]
[Result "1-0"]
[WhiteElo "1841"]
[BlackElo "1630"]
[PlyCount "115"]
[EventDate "2018.08.24"]
[EventType "swiss"]
[EventRounds "9"]
[EventCountry "AUT"]
[SourceTitle "CBM 186 Extra"]
[Source "ChessBase"]
[SourceDate "2018.08.24"]
[SourceVersion "1"]
[SourceVersionDate "2018.08.24"]
[SourceQuality "1"]

1. c4 e5 2. Nc3 Nf6 3. Nf3 Nc6 4. e3 Bb4 5. Qc2 d6 6. Be2 0-0 7. 0-0 Ne7 8. d4 Bf5 9. e4 Bxc3 10. exf5 Bxd4 11. Nxd4 exd4 12. Bg5 Nc8 13. Bf3 c6 14. Rad1 Qb6 15. Bxf6 gxf6 16. Qd2 c5 17. Qh6 d5 18. Bxd5 Ne7 19. Be4 Kh8 20. Rd3 Rg8 21. Rb3 Qd6 22. Rxb7 Rab8 23. Rxb8 Rxb8 24. Rd1 Qe5 25. Bd5 Nxf5 26. Qd2 Re8 27. Bxf7 Re7 28. Bd5 Qe2 29. h3 Nd6 30. b3 a5 31. Bf3 Qxd2 32. Rxd2 Re1+ 33. Kh2 Kg7 34. Kg3 Kg6 35. Kf4 f5 36. Re2 Rxe2 37. Bxe2 Ne4 38. f3 Nc3 39. Bd3 Nxa2 40. Bxf5+ Kg7 41. Bc2 Nb4 42. Bb1 h6 43. g4 Kf6 44. h4 Nc6 45. Ke4 Ne7 46. f4 Ke6 47. f5+ Kf6 48. Kf4 Nc6 49. g5+ hxg5+ 50. hxg5+ Kf7 51. Ke4 Nb4 52. Kf4 Nc6 53. Be4 Nb4 54. f6 Ke6 55. Bd5+ Kd6 56. Ke4 Na2 57. g6 Nc3+ 58. Kd3 1-0

[Event "Hoersching op 5th"]
[Site "Hoersching"]
[Date "2017.08.29"]
[Round "2"]
[White "Wiesner, Hans Dieter"]
[Black "Reisinger, Heinz"]
[Result "1/2-1/2"]
[WhiteElo "2068"]
[BlackElo "1822"]
[PlyCount "70"]
[EventDate "2017.08.28"]
[EventType "swiss"]
[EventRounds "7"]
[EventCountry "AUT"]
[SourceTitle "CBM 180 Extra"]
[Source "ChessBase"]
[SourceDate "2017.10.06"]
[SourceVersion "1"]
[SourceVersionDate "2017.10.06"]
[SourceQuality "1"]

1. c4 c6 2. Nc3 d5 3. cxd5 cxd5 4. d4 Nf6 5. Bf4 Nc6 6. e3 Qa5 7. Bd3 e6 8. Nge2 Be7 9. 0-0 Nh5 10. Rc1 Bd7 11. a3 Nxf4 12. Nxf4 g6 13. Bb1 Rc8 14. Na4 Bd6 15. b4 Qd8 16. Ne2 0-0 17. Nc5 Qc7 18. f4 b6 19. Nd3 Qd8 20. Qb3 Qe7 21. Ne5 Nb8 22. Bd3 Rxc1 23. Rxc1 Rc8 24. Ra1 Kg7 25. b5 Be8 26. a4 f6 27. Nf3 Bf7 28. Qb2 Nd7 29. a5 e5 30. dxe5 fxe5 31. axb6 axb6 32. Ra7 Rc7 33. Ra8 Qf6 34. fxe5 Nxe5 35. Nxe5 Bxe5 1/2-1/2

[Event "Hoersching op 4th"]
[Site "Hoersching"]
[Date "2016.08.31"]
[Round "3"]
[White "Mostbauer, Maximilian"]
[Black "Reisinger, Heinz"]
[Result "1-0"]
[WhiteElo "2142"]
[BlackElo "1876"]
[PlyCount "43"]
[EventDate "2016.08.29"]
[EventType "swiss"]
[EventRounds "7"]
[EventCountry "AUT"]
[SourceTitle "CBM 174 Extra"]
[Source "ChessBase"]
[SourceDate "2016.10.10"]
[SourceVersion "1"]
[SourceVersionDate "2016.10.10"]
[SourceQuality "1"]

1. d4 d5 2. Nf3 Nf6 3. c4 c6 4. Nc3 dxc4 5. a4 Bf5 6. e3 e6 7. Bxc4 Bb4 8. 0-0 0-0 9. Qe2 Bg4 10. Rd1 Qa5 11. Na2 Qxa4 12. e4 Be7 13. Bd2 c5 14. Bb5 Qb3 15. Ba5 a6 16. Bd3 Qa4 17. Nc3 Qe8 18. d5 exd5 19. e5 Nfd7 20. Nxd5 Bd8 21. Bxd8 Qxd8 22. Qe4 1-0

[Event "Hoersching op 4th"]
[Site "Hoersching"]
[Date "2016.08.30"]
[Round "2"]
[White "Reisinger, Heinz"]
[Black "Stadler, Peter"]
[Result "1/2-1/2"]
[WhiteElo "1876"]
[BlackElo "2103"]
[PlyCount "38"]
[EventDate "2016.08.29"]
[EventType "swiss"]
[EventRounds "7"]
[EventCountry "AUT"]
[SourceTitle "CBM 174 Extra"]
[Source "ChessBase"]
[SourceDate "2016.10.10"]
[SourceVersion "1"]
[SourceVersionDate "2016.10.10"]
[SourceQuality "1"]

1. c4 Nf6 2. Nc3 c5 3. g3 d5 4. cxd5 Nxd5 5. Bg2 Nb6 6. Nf3 Nc6 7. b3 e5 8. Bb2 Be7 9. d3 Be6 10. Rc1 Rc8 11. Ne4 Nd7 12. Rc2 f6 13. Rd2 0-0 14. e3 f5 15. Nc3 Bf6 16. 0-0 Nb6 17. d4 cxd4 18. exd4 exd4 19. Ne2 Qc7 1/2-1/2

[Event "Hoersching op 3rd"]
[Site "Hoersching"]
[Date "2015.09.06"]
[Round "7"]
[White "Dumancic, Pero"]
[Black "Reisinger, Heinz"]
[Result "1-0"]
[WhiteElo "2045"]
[BlackElo "1952"]
[PlyCount "116"]
[EventDate "2015.08.31"]
[EventType "swiss"]
[EventRounds "7"]
[EventCountry "AUT"]
[SourceTitle "EXT 2016"]
[Source "ChessBase"]
[SourceDate "2015.10.08"]
[SourceVersion "1"]
[SourceVersionDate "2015.10.08"]
[SourceQuality "1"]

1. Nf3 Nf6 2. g3 b6 3. Bg2 Bb7 4. 0-0 e6 5. d3 d5 6. c3 Be7 7. g4 0-0 8. h3 c5 9. Ne5 Nbd7 10. Bf4 Nxe5 11. Bxe5 Nd7 12. Bh2 Rc8 13. Nd2 Bc6 14. e4 dxe4 15. dxe4 e5 16. Qe2 Bf6 17. Rfd1 Qe7 18. Nf1 g6 19. Ne3 Bg7 20. Nd5 Qe6 21. Qa6 f6 22. Qc4 Rfe8 23. a4 Qf7 24. Bf1 Nf8 25. Qb3 Kh8 26. Bc4 Qb7 27. f3 g5 28. Bg3 Ng6 29. Rd2 Rb8 30. Qd1 a6 31. Bb3 b5 32. c4 Bxd5 33. Rxd5 bxc4 34. Bxc4 Qxb2 35. Bxa6 Bf8 36. Bb5 Rec8 37. Rb1 Qa2 38. Rd2 Qf7 39. Rd7 Be7 40. Rc1 Rd8 41. Qd5 Qxd5 42. Rxd5 Nf4 43. Bxf4 Rxd5 44. exd5 gxf4 45. Kf1 Kg7 46. Ke2 Kg6 47. Kd3 Kg5 48. h4+ Kg6 49. Ke4 Bd6 50. Rc4 Be7 51. Rc1 Ra8 52. Rb1 Bd6 53. Bd7 Rd8 54. Bf5+ Kg7 55. Rb7+ Kg8 56. Bxh7+ Kf8 57. Bf5 Ra8 58. Bd7 c4 1-0

[Event "Hoersching op 2nd"]
[Site "Hoersching"]
[Date "2014.08.29"]
[Round "7"]
[White "Weiss, Peter"]
[Black "Reisinger, Heinz"]
[Result "0-1"]
[WhiteElo "1933"]
[BlackElo "1877"]
[PlyCount "60"]
[EventDate "2014.08.23"]
[EventType "swiss"]
[EventRounds "9"]
[EventCountry "AUT"]
[SourceTitle "EXT 2015"]
[Source "ChessBase"]
[SourceDate "2014.11.20"]
[SourceVersion "1"]
[SourceVersionDate "2014.11.20"]
[SourceQuality "1"]

1. e4 c6 2. d4 d5 3. Nc3 dxe4 4. Nxe4 Nf6 5. Nxf6+ exf6 6. Nf3 Bg4 7. Be2 Bd6 8. c3 0-0 9. 0-0 Nd7 10. h3 Be6 11. Be3 Qc7 12. c4 Rad8 13. Qc1 Qb8 14. Rd1 Bf5 15. a3 Rfe8 16. b4 Nf8 17. c5 Bc7 18. a4 Ng6 19. b5 Bf4 20. Qc3 Bxe3 21. fxe3 Qg3 22. Kf1 Be4 23. Rd2 Ne7 24. Ra3 Nd5 25. Qb3 Re7 26. Qd1 Bxf3 27. Bxf3 Rxe3 28. Rdd3 Rde8 29. Be2 Rxd3 30. Qxd3 Ne3+ 0-1